| 000 | 00635nam a2200193 4500 | ||
|---|---|---|---|
| 999 |
_c170477 _d170477 |
||
| 005 | 20191216161057.0 | ||
| 010 | _aENG-127152 | ||
| 020 |
_a9789352876877 _c195.00 |
||
| 035 | _aEN-110684 | ||
| 037 | _bDBAD/PUB | ||
| 082 | _a306.095 | ||
| 100 | _aRam Manoharan, Karthick | ||
| 245 |
_aFrantz Fanon : _cby Karthick Ram Manoharan _bidentity and resistance / |
||
| 260 |
_aHyderabad _bOrient Blankswan Private _c2019 |
||
| 270 |
_a3-6-752 Himayatnagar, Hyderabad _bTelangana _e500029 _mindo@orientblackswan.com |
||
| 300 |
_axvi;118p . _c21cm(pbk) |
||
| 500 | _aIncludes references | ||
| 942 |
_2ddc _cEN _h306.095 _mMAN |
||